中国各省海岸线长度前六名 扫雷 Top6 provinces in China by coastline length - SD - Statistics

General Stats
  • This quiz has been taken 264 times
  • The average score is 3 of 6
Answers on the Grid
Answers color-coded by a green-red scale on the quiz's grid according to % correct below.
广东
福建
山东
浙江
辽宁
海南
广西
台湾
江苏
河北
香港
上海
天津
澳门
 
Answer Stats
Answer % Correct
1 广东
78%
3 山东
60%
2 福建
53%
4 浙江
50%
5 辽宁
46%
6 海南
20%
No matching quizzes found
Score Distribution
Percent of People with Each Score
Percentile by Number Answered
Your Score History
You have not taken this quiz